[Event "World Blitz 2025"]
[Site "Doha QAT"]
[Date "2025.12.29"]
[Round "13.114"]
[White "Aziz, Husain"]
[Black "Alhassadi, Yousef A."]
[Result "0-1"]
[WhiteTitle "IM"]
[BlackTitle "FM"]
[WhiteElo "2256"]
[BlackElo "2098"]
[WhiteFideId "12100293"]
[BlackFideId "9204725"]
[EventDate "2025.12.29"]

1. e4 c5 2. Nf3 e6 3. c3 Nf6 4. e5 Nd5 5. Bc4 d6 6. d4 cxd4 7. cxd4 Be7 8. O-O
O-O 9. Qe2 Nc6 10. Rd1 Qc7 11. Bxd5 exd5 12. Nc3 Be6 13. Nb5 Qd7 14. Bf4 dxe5
15. Nxe5 Nxe5 16. dxe5 a6 17. Nd4 Rac8 18. h3 Rc7 19. Bd2 Rfc8 20. Ba5 Rc5 21.
Bb4 Rc4 22. Bxe7 Qxe7 23. Kh2 Qg5 24. b3 Rc3 25. Rd2 h5 26. Rad1 h4 27. Rd3 Rxd3
28. Rxd3 Qf4+ 29. g3 hxg3+ 30. fxg3 Qh6 31. h4 Qg6 32. Rd2 Rc3 33. Qf2 Qe4 34.
Re2 Qg4 35. Nxe6 fxe6 36. Rc2 d4 37. Rd2 d3 38. Qe3 Qf5 39. Rf2 Rc2 40. Rd2
Rxd2+ 41. Qxd2 Qe4 42. Qc3 Qe2+ 43. Kh3 d2 44. Qc8+ Kh7 45. Qxe6 0-1

[Event "World Blitz 2025"]
[Site "Doha QAT"]
[Date "2025.12.29"]
[Round "13.115"]
[White "Anwoir, Tarik"]
[Black "Tissir, Mohamed"]
[Result "0-1"]
[BlackTitle "IM"]
[WhiteElo "2098"]
[BlackElo "2293"]
[WhiteFideId "9004904"]
[BlackFideId "9000240"]
[EventDate "2025.12.29"]

1. d4 e6 2. c4 c5 3. d5 exd5 4. cxd5 d6 5. Nc3 Ne7 6. e4 Ng6 7. Bb5+ Nd7 8. Nge2
Be7 9. O-O O-O 10. Ng3 a6 11. Ba4 b5 12. Bc2 c4 13. f4 Nc5 14. Be3 Qc7 15. a3
Bd7 16. Bd4 f6 17. Rb1 Rac8 18. Qh5 Nd3 19. f5 Nge5 20. Qd1 Qb7 21. Nce2 Bd8 22.
h3 Bb6 23. Bxb6 Qxb6+ 24. Kh2 Qe3 25. Nc3 Rc7 26. Nh5 a5 27. Bxd3 cxd3 28. Qe1
Qxe1 29. Rbxe1 b4 30. axb4 axb4 31. Nb1 Rc2 32. Nf4 Rfc8 33. Rd1 Bb5 34. b3 Rb2
35. Kh1 Rcc2 36. Rg1 Kf7 37. Nh5 Nf3 38. Rgf1 Ng5 39. Nf4 Nxe4 40. Rf3 Nf2+ 41.
Rxf2 Rxf2 0-1

[Event "World Blitz 2025"]
[Site "Doha QAT"]
[Date "2025.12.29"]
[Round "13.116"]
[White "Dinham, James"]
[Black "Grafl, Florian"]
[Result "0-1"]
[BlackTitle "IM"]
[WhiteElo "2091"]
[BlackElo "2343"]
[WhiteFideId "14327023"]
[BlackFideId "4645715"]
[EventDate "2025.12.29"]

1. e4 d5 2. exd5 Qxd5 3. Nc3 Qd6 4. Nf3 Nf6 5. Bc4 a6 6. a4 Nc6 7. h3 Bf5 8. O-O
e6 9. d3 Be7 10. Bg5 h6 11. Bh4 O-O-O 12. Bg3 Qd7 13. Ne5 Nxe5 14. Bxe5 Bd6 15.
Qe2 Bxe5 16. Qxe5 Qd4 17. Qg3 g5 18. Ne2 Qd6 19. Qxd6 cxd6 20. b4 d5 21. Bb3 Kb8
22. b5 a5 23. Nd4 Bg6 24. Rfe1 Nd7 25. Nf3 Rc8 26. Ne5 Nxe5 27. Rxe5 Rc3 28. Rd1
Rhc8 29. Re3 Ka7 30. g3 Kb6 31. Kf1 Kc5 32. Ke1 h5 33. h4 gxh4 34. gxh4 Kd6 35.
Kd2 R3c7 36. f4 Bf5 37. Re5 f6 38. Re3 Rg7 39. Rde1 Rg4 40. Rh1 Rxf4 41. Rh2 Rg8
42. c4 d4 43. Ree2 Kc5 44. Reg2 Rxh4 45. Bc2 Rxh2 46. Rxh2 Bg4 47. Rf2 f5 48.
Rh2 Rh8 49. Ke1 h4 50. Kf2 h3 51. Kg3 e5 52. Rh1 Rg8 53. Kh4 f4 54. Rg1 h2 55.
Rh1 Bf3 56. Rxh2 Rh8+ 0-1

[Event "World Blitz 2025"]
[Site "Doha QAT"]
[Date "2025.12.29"]
[Round "13.117"]
[White "Alrehaili, Ahmed Abdullah S"]
[Black "Abdilkhair, Abilmansur"]
[Result "1-0"]
[WhiteTitle "FM"]
[BlackTitle "IM"]
[WhiteElo "2106"]
[BlackElo "2378"]
[WhiteFideId "21518840"]
[BlackFideId "13716417"]
[EventDate "2025.12.29"]

1. e4 e5 2. Nf3 Nc6 3. Bc4 Nf6 4. d3 Be7 5. O-O d6 6. c3 a6 7. Bb3 h6 8. Re1 g5
9. a4 Bg4 10. Nbd2 Qd7 11. a5 Bh5 12. Qc2 O-O 13. Ba4 Rad8 14. d4 Qc8 15. Bxc6
bxc6 16. dxe5 Nd7 17. exd6 cxd6 18. Nd4 Bg6 19. Nf5 Bxf5 20. exf5 Ne5 21. h4
Rfe8 22. hxg5 Bxg5 23. Ra4 d5 24. f4 Bh4 25. Rxe5 Qb8 26. Nf3 Bf6 27. Re2 Qb5
28. Rxe8+ Rxe8 29. Ne5 Bd8 30. Ra1 f6 31. Nd3 Bxa5 32. Bd2 d4 33. Re1 Rd8 34. c4
Qxf5 35. Bxa5 Qxa5 36. Qe2 Rd7 37. Qe8+ 1-0

[Event "World Blitz 2025"]
[Site "Doha QAT"]
[Date "2025.12.29"]
[Round "13.118"]
[White "Sharan, Rao"]
[Black "Bodemar, Jonathan"]
[Result "1-0"]
[WhiteTitle "IM"]
[BlackTitle "CM"]
[WhiteElo "2341"]
[BlackElo "2154"]
[WhiteFideId "5073464"]
[BlackFideId "6205488"]
[EventDate "2025.12.29"]

1. Nf3 Nf6 2. e3 d5 3. b3 c5 4. Bb2 e6 5. Be2 Be7 6. O-O O-O 7. d4 Nc6 8. Nbd2
Re8 9. c4 b6 10. cxd5 Nxd5 11. dxc5 Bxc5 12. Ne4 Be7 13. Qb1 Bb7 14. Rd1 Rc8 15.
a3 h6 16. Qa2 Qc7 17. Rac1 Qb8 18. Qa1 f6 19. b4 Red8 20. Bc4 Kh8 21. Nh4 Kh7
22. Ng3 f5 23. Nhxf5 exf5 24. Bxd5 f4 25. Be4+ g6 26. Bxg6+ Kxg6 27. Qb1+ Kf7
28. Qh7+ Ke8 29. Qg6+ Kf8 30. Bg7+ Kg8 31. Bxh6+ 1-0

[Event "World Blitz 2025"]
[Site "Doha QAT"]
[Date "2025.12.29"]
[Round "13.119"]
[White "Ashwath Kaushik"]
[Black "Ammar, Sedrani"]
[Result "0-1"]
[WhiteTitle "FM"]
[BlackTitle "FM"]
[WhiteElo "2345"]
[BlackElo "2203"]
[WhiteFideId "33387230"]
[BlackFideId "9312331"]
[EventDate "2025.12.29"]

1. d4 d5 2. Nf3 Bf5 3. c4 e6 4. Qb3 Nc6 5. a3 a6 6. e3 Nf6 7. Nc3 Be7 8. Nh4 Bg4
9. h3 Bh5 10. g4 Bg6 11. Nxg6 hxg6 12. g5 dxc4 13. Qxb7 Na5 14. Qf3 Nd5 15. Nxd5
exd5 16. Bg2 c6 17. h4 Nb3 18. Rb1 Qa5+ 19. Ke2 Qb5 20. Kd1 c3 21. Kc2 Qa4 0-1

[Event "World Blitz 2025"]
[Site "Doha QAT"]
[Date "2025.12.29"]
[Round "13.120"]
[White "Berend, Fred"]
[Black "Khayat, Emad"]
[Result "1-0"]
[WhiteTitle "IM"]
[WhiteElo "2213"]
[BlackElo "1927"]
[WhiteFideId "4000102"]
[BlackFideId "21518076"]
[EventDate "2025.12.29"]

1. d4 Nf6 2. Nf3 e6 3. c4 Bb4+ 4. Bd2 Qe7 5. g3 Bxd2+ 6. Qxd2 d6 7. Nc3 e5 8.
Bg2 O-O 9. O-O Re8 10. e3 e4 11. Ng5 Bf5 12. Qc2 h6 13. Nh3 g5 14. Kh1 Nbd7 15.
Ng1 c6 16. Rac1 Kg7 17. Qb3 Rab8 18. Qa3 a6 19. Nge2 Qe6 20. b3 Bh3 21. Bxh3
Qxh3 22. Ng1 Qe6 23. Qb2 h5 24. h3 Nf8 25. Rc2 Ng6 26. d5 Qe7 27. dxc6 bxc6 28.
Nce2 Ne5 29. Nd4 Qd7 30. Rd2 c5 31. Nde2 Nf3 32. Rdd1 h4 33. Kg2 g4 34. Nf4 Rg8
35. Nh5+ Kh6 36. Nxf6 gxh3+ 37. Nxh3 Qe6 38. Nf4 Qf5 39. Rh1 Rg6 40. N6d5 Rg7
41. Ne7 Qg5 42. Rxd6+ Kh7 43. Rd5 1-0

[Event "World Blitz 2025"]
[Site "Doha QAT"]
[Date "2025.12.29"]
[Round "13.121"]
[White "Blackwood, Ryan"]
[Black "Al-Janahi, Ibrahim"]
[Result "1-0"]
[WhiteElo "1945"]
[BlackElo "1656"]
[WhiteFideId "7400640"]
[BlackFideId "12102385"]
[EventDate "2025.12.29"]

1. e4 c5 2. Nf3 g6 3. d4 cxd4 4. Nxd4 Bg7 5. Nc3 Nc6 6. Nxc6 bxc6 7. Bd3 Nf6 8.
O-O O-O 9. Kh1 d5 10. e5 Nd7 11. f4 Nc5 12. Qe1 Nxd3 13. cxd3 d4 14. Ne4 Ba6 15.
Rf3 Qd5 16. b3 Bb5 17. Ba3 Rfe8 18. Rh3 f5 19. exf6 exf6 20. Qh4 h5 21. Nxf6+
Bxf6 22. Qxf6 Qf7 23. Qxd4 Re6 24. Bb2 Qh7 25. f5 gxf5 26. Rxh5 Qe7 27. Qh8+ Kf7
28. Rxf5+ Kg6 29. Qh5# 1-0

[Event "World Blitz 2025"]
[Site "Doha QAT"]
[Date "2025.12.29"]
[Round "13.122"]
[White "Anand, Tsogtbileg"]
[Black "Phuyal, Aashish"]
[Result "1-0"]
[WhiteTitle "CM"]
[WhiteElo "1968"]
[BlackElo "1955"]
[WhiteFideId "4926552"]
[BlackFideId "12312649"]
[EventDate "2025.12.29"]

1. e4 e5 2. Nf3 Nc6 3. Bc4 Be7 4. O-O Nf6 5. d3 O-O 6. c3 d6 7. Bb3 Na5 8. Bc2
c5 9. Re1 Nc6 10. Nbd2 Re8 11. Nf1 Bf8 12. a3 g6 13. d4 Qc7 14. Bg5 Bg7 15. Ne3
Ne7 16. Ba4 Rd8 17. Bxf6 Bxf6 18. Qd2 h5 19. Rad1 Be6 20. dxe5 dxe5 21. Qc2 a6
22. Bb3 c4 23. Ba2 b5 24. b3 Qc6 25. bxc4 bxc4 26. Nd2 Bg5 27. Ndxc4 Rxd1 28.
Rxd1 Bxe3 29. Nxe3 Bxa2 30. Qxa2 Qxc3 31. h4 Rc8 32. Rd7 Rc7 33. Rxc7 Qxc7 34.
Qd2 Kg7 35. a4 a5 36. Qb2 Qc5 37. Qe2 Nc6 38. Qb2 Nd4 39. g3 Qc6 40. Nd5 Qxa4 1-0

[Event "World Blitz 2025"]
[Site "Doha QAT"]
[Date "2025.12.29"]
[Round "13.123"]
[White "AlJamaat, Khaled"]
[Black "Ahmad, Saif"]
[Result "1-0"]
[WhiteElo "1719"]
[BlackElo "1567"]
[WhiteFideId "12102415"]
[BlackFideId "12102709"]
[EventDate "2025.12.29"]

1. e4 c5 2. Ne2 g6 3. g3 Bg7 4. Bg2 Nc6 5. O-O d6 6. c3 e6 7. d4 Nge7 8. Be3
cxd4 9. cxd4 O-O 10. Nbc3 Rb8 11. f4 b5 12. d5 exd5 13. exd5 Na5 14. Bd4 Bxd4+
15. Nxd4 Nc4 16. Qe2 Ba6 17. Rfe1 b4 18. Qxe7 Qxe7 19. Rxe7 bxc3 20. bxc3 Rb2
21. Bf1 Rfb8 22. Rxa7 Rb1 23. Rxb1 Rxb1 24. Rxa6 Nd2 25. Rxd6 Rxf1+ 26. Kg2 Rc1
27. Rc6 Ne4 28. d6 Nxd6 29. Rxd6 Rxc3 30. a4 Rc4 31. a5 Ra4 32. a6 Kf8 33. Nb5
Ke7 34. Rb6 Ra2+ 35. Kh3 h5 36. a7 f6 37. Rb8 g5 38. fxg5 fxg5 39. a8=Q g4+ 40.
Kh4 Rxh2+ 41. Kg5 1-0

[Event "World Blitz 2025"]
[Site "Doha QAT"]
[Date "2025.12.29"]
[Round "13.124"]
[White "Alsaqer, Meshal"]
[Black "Al-Kuwari, Hamad"]
[Result "1-0"]
[BlackTitle "CM"]
[WhiteElo "1853"]
[BlackElo "1809"]
[WhiteFideId "10301771"]
[BlackFideId "12102679"]
[EventDate "2025.12.29"]

1. d4 d5 2. Nf3 Nf6 3. c4 e6 4. Nbd2 a6 5. g3 dxc4 6. Nxc4 b5 7. Nce5 Bb7 8. Bg2
Nbd7 9. Nd3 Bd6 10. O-O O-O 11. b3 Qe7 12. Bb2 c5 13. Rc1 cxd4 14. Nxd4 Bxg2 15.
Kxg2 Nc5 16. Kg1 Nxd3 17. Qxd3 Rac8 18. h4 Nd5 19. Nf3 Ba3 20. Qd2 Bxb2 21. Qxb2
Qf6 22. Qd4 Qxd4 23. Nxd4 Nb4 24. a3 Nd5 25. e4 Nf6 26. f3 Rfd8 27. Nc6 Rd7 28.
Ne7+ Rxe7 29. Rxc8+ Ne8 30. Rd1 f6 31. Rdd8 Kf7 32. Ra8 Nc7 33. Ra7 e5 34. Rc8
Ne6 35. Rxe7+ Kxe7 36. Ra8 Nc7 37. Rh8 h6 38. Kf2 Kd6 39. b4 1-0

[Event "World Blitz 2025"]
[Site "Doha QAT"]
[Date "2025.12.29"]
[Round "13.125"]
[White "Dahal, Sushrut"]
[Black "Alkhuriji, Abdulaziz N"]
[Result "0-1"]
[WhiteTitle "CM"]
[WhiteElo "2037"]
[BlackElo "1972"]
[WhiteFideId "12303275"]
[BlackFideId "21525919"]
[EventDate "2025.12.29"]

1. d4 d5 2. Nc3 Nf6 3. Bf4 e6 4. Nb5 Na6 5. e3 c6 6. Nc3 Bb4 7. Bxa6 bxa6 8. Ne2
O-O 9. O-O a5 10. Na4 Qe7 11. a3 Bd6 12. Bxd6 Qxd6 13. Qd2 Ba6 14. Rfe1 Qc7 15.
Nc5 Bxe2 16. Rxe2 Qb6 17. b3 Rfd8 18. f3 Nd7 19. Na4 Qb5 20. Nc3 Qb6 21. Kh1 c5
22. Na4 Qb5 23. Rb1 cxd4 24. exd4 Rdc8 25. Ree1 Rc7 26. h3 h6 27. Rec1 Rac8 28.
Nc3 Rxc3 29. b4 axb4 30. Rxb4 Qa5 31. Rb7 Nf6 32. Rcb1 Qxa3 33. Qf4 Rxc2 34. Kh2
Qa2 35. Rg1 a5 36. Qd6 Qc4 37. Qe7 Rf8 38. Ra7 Qxd4 39. Rxa5 Qe5+ 40. Kh1 Nh5
41. Qh4 Ng3+ 42. Kh2 Nf1+ 0-1

[Event "World Blitz 2025"]
[Site "Doha QAT"]
[Date "2025.12.29"]
[Round "13.126"]
[White "Fates, Omer Salah"]
[Black "Al-Mansouri, Fahad"]
[Result "1-0"]
[WhiteElo "2079"]
[BlackElo "1607"]
[WhiteFideId "9212035"]
[BlackFideId "12102407"]
[EventDate "2025.12.29"]

1. e4 c5 2. Nf3 g6 3. d4 cxd4 4. Nxd4 Bg7 5. c4 Nc6 6. Be3 Nf6 7. Nc3 O-O 8. Be2
d6 9. O-O Bd7 10. Kh1 Nxd4 11. Bxd4 a5 12. f4 Bc6 13. Bf3 Nd7 14. Bxg7 Kxg7 15.
Ne2 Nc5 16. Re1 Kg8 17. Nd4 Rc8 18. Bg4 Bd7 19. Bf3 Qb6 20. b3 a4 21. Rb1 axb3
22. axb3 Ra8 23. e5 dxe5 24. Rxe5 e6 25. b4 Na4 26. Ne2 Bc6 27. Qb3 Bxf3 28.
Qxf3 Qc7 29. Rc1 Nb6 30. Rc5 Qe7 31. Nd4 Nd7 32. Rb5 Ra7 33. Nb3 Rfa8 34. Na5
Nf6 35. h3 Rb8 36. Nc6 bxc6 37. Rxb8+ Kg7 38. Qxc6 Ra2 39. Rb7 Qd8 40. b5 Qd2
41. Rf1 Qe2 42. Qf3 Qc2 43. Rc7 Rb2 44. Rc6 Ne4 45. b6 Nd2 46. Qe2 Qb3 47. Rf2
Nxc4 48. Qxc4 1-0

[Event "World Blitz 2025"]
[Site "Doha QAT"]
[Date "2025.12.30"]
[Round "14.1"]
[White "Martirosyan, Haik M."]
[Black "Carlsen, Magnus"]
[Result "1-0"]
[WhiteTitle "GM"]
[BlackTitle "GM"]
[WhiteElo "2625"]
[BlackElo "2840"]
[WhiteFideId "13306553"]
[BlackFideId "1503014"]
[EventDate "2025.12.29"]

1. d4 d6 2. e4 g6 3. Nf3 Nf6 4. Bd3 Bg7 5. O-O Nc6 6. c3 e5 7. d5 Ne7 8. c4 O-O
9. Nc3 a5 10. Re1 Nd7 11. Be3 h6 12. a3 f5 13. b4 f4 14. Bd2 g5 15. h3 Ng6 16.
Be2 Nf6 17. c5 g4 18. hxg4 Nxg4 19. Bc4 Nh4 20. Be2 axb4 21. axb4 Rxa1 22. Qxa1
h5 23. Kf1 Bd7 24. Qa5 b6 25. Qa7 bxc5 26. bxc5 dxc5 27. Qxc5 Rf7 28. Ra1 Bf8
29. Qa5 Nxf3 30. Bxf3 Nh2+ 31. Ke2 Nxf3 32. gxf3 h4 33. Na4 h3 34. Nc5 Rg7 35.
Ne6 Bxe6 36. dxe6 Qd6 37. Qd5 Be7 38. Bc3 h2 39. Rh1 Qa6+ 40. Qd3 Qxe6 41. Rxh2
Bf6 42. Qb5 Qa2+ 43. Bd2 Qe6 44. Qb8+ Kf7 45. Qxc7+ Be7 46. Rh5 Qa6+ 47. Kd1
Rg1+ 48. Kc2 Qa2+ 49. Kd3 Qb1+ 50. Qc2 Qf1+ 51. Kc3 Qxf2 52. Qb3+ Kg6 53. Rh3
Qd4+ 54. Kc2 Qc5+ 55. Kd3 Qd6+ 56. Kc2 Kg7 57. Rh2 Rg3 58. Qc3 Bf6 59. Be1 Rg1
60. Bd2 Qd7 61. Qc4 Rg3 62. Qb3 Qc6+ 63. Kb2 Rg1 64. Bc3 Qa6 65. Kc2 Rg3 66. Bd2
Qc8+ 67. Kb2 Qd7 68. Kc2 Rg1 69. Qc4 Rg3 1-0

[Event "World Blitz 2025"]
[Site "Doha QAT"]
[Date "2025.12.30"]
[Round "14.3"]
[White "Yu, Yangyi"]
[Black "Erigaisi, Arjun"]
[Result "1/2-1/2"]
[WhiteTitle "GM"]
[BlackTitle "GM"]
[WhiteElo "2717"]
[BlackElo "2775"]
[WhiteFideId "8603820"]
[BlackFideId "35009192"]
[EventDate "2025.12.29"]

1. e4 e5 2. Nf3 Nc6 3. Bc4 Bc5 4. d3 Nf6 5. O-O d6 6. c3 a5 7. Nbd2 O-O 8. Re1
Be6 9. Bb5 Ba7 10. Nf1 Ne7 11. Ng3 Ng6 12. h3 c6 13. Ba4 d5 14. exd5 Nxd5 15. d4
exd4 16. Nxd4 Qc7 17. Bc2 Ndf4 18. Nh5 Rad8 19. Nxf4 Nxf4 20. Qf3 Ng6 21. Bxg6
fxg6 22. Nxe6 Rxf3 23. Nxc7 Bxf2+ 24. Kh2 Bxe1 25. gxf3 Rd3 26. Kh1 Rd1 27. Kg2
Bd2 28. Kf2 Bxc1 29. Ke2 Rd2+ 30. Ke1 Bxb2 31. Kxd2 Bxa1 32. Ne6 b5 33. Nd8 c5
34. Nb7 b4 35. cxb4 cxb4 36. Nxa5 Kf7 37. Nc6 Bc3+ 38. Kd3 Be1 39. Kc4 Ke6 40.
Nxb4 Kd6 41. a4 g5 42. a5 Bf2 43. a6 h5 44. Kb5 h4 45. Nd3 Be3 46. Nb4 Bf2 47.
Nd3 Be3 48. Kc4 Ba7 49. Nb4 Bb6 50. Nd5 Ba7 51. Nc3 Ke5 52. Nb5 Bb6 53. Nc3 Ba7
54. Nb5 Bg1 55. Nc3 Ba7 56. Ne2 g6 57. Kd3 Kf5 58. Kc4 Ke5 59. Kd3 Kf5 60. Kc4
Ke5 1/2-1/2

[Event "World Blitz 2025"]
[Site "Doha QAT"]
[Date "2025.12.30"]
[Round "14.4"]
[White "Jobava, Baadur"]
[Black "Vachier-Lagrave, Maxime"]
[Result "0-1"]
[WhiteTitle "GM"]
[BlackTitle "GM"]
[WhiteElo "2568"]
[BlackElo "2734"]
[WhiteFideId "13601520"]
[BlackFideId "623539"]
[EventDate "2025.12.29"]

1. e4 e5 2. Nf3 Nc6 3. Bc4 Nf6 4. d3 Bc5 5. c3 a5 6. O-O d6 7. h3 O-O 8. Re1 Be6
9. Nbd2 Ba7 10. a4 Ne7 11. Nf1 Ng6 12. Be3 Bxc4 13. dxc4 Bxe3 14. Rxe3 Nd7 15.
Qc2 Nf4 16. h4 g6 17. g3 Ne6 18. Rd1 Nec5 19. Ree1 Qe8 20. Ne3 Nf6 21. Nd2 Qxa4
22. b3 Qc6 23. Nd5 Nxd5 24. exd5 Qe8 25. b4 axb4 26. cxb4 Nd7 27. c5 Qe7 28. c6
bxc6 29. dxc6 Nb6 30. Ra1 Qe6 31. Ra5 f5 32. Rea1 Rae8 33. Ra7 Rf7 34. Rb7 e4
35. Qb3 d5 36. Raa7 Qxc6 37. b5 Qc1+ 38. Nf1 f4 39. g4 e3 40. Rxb6 e2 0-1

[Event "World Blitz 2025"]
[Site "Doha QAT"]
[Date "2025.12.30"]
[Round "14.5"]
[White "So, Wesley"]
[Black "Dubov, Daniil"]
[Result "1/2-1/2"]
[WhiteTitle "GM"]
[BlackTitle "GM"]
[WhiteElo "2753"]
[BlackElo "2672"]
[WhiteFideId "5202213"]
[BlackFideId "24126055"]
[EventDate "2025.12.29"]

1. e4 d5 2. exd5 Qxd5 3. Nc3 Qa5 4. d4 Nf6 5. Nf3 g6 6. Bd2 Bg7 7. Bc4 c5 8. O-O
O-O 9. Re1 Nc6 10. d5 Nd4 11. Nxd4 cxd4 12. Nb5 Qd8 13. Bf4 Nxd5 14. Bxd5 Qxd5
15. Nc7 Qf5 16. Qf3 e5 17. Nxa8 exf4 18. Nc7 Qxc2 19. Nd5 Kh8 20. Re2 1/2-1/2

[Event "World Blitz 2025"]
[Site "Doha QAT"]
[Date "2025.12.30"]
[Round "14.6"]
[White "Nepomniachtchi, Ian"]
[Black "Lu, Shanglei"]
[Result "1/2-1/2"]
[WhiteTitle "GM"]
[BlackTitle "GM"]
[WhiteElo "2723"]
[BlackElo "2643"]
[WhiteFideId "4168119"]
[BlackFideId "8603332"]
[EventDate "2025.12.29"]

1. e4 c5 2. Nf3 e6 3. d4 cxd4 4. Nxd4 Nf6 5. Nc3 Bb4 6. e5 Nd5 7. Qg4 Kf8 8. a3
h5 9. Qf3 Bxc3+ 10. bxc3 Qc7 11. Be2 Qxc3+ 12. Qxc3 Nxc3 13. Bf3 Nc6 14. Nxc6
bxc6 15. a4 Ba6 16. Kd2 Nd5 17. Ba3+ Ke8 18. a5 f6 19. Bd6 Kf7 20. h4 Ne7 1/2-1/2

[Event "World Blitz 2025"]
[Site "Doha QAT"]
[Date "2025.12.30"]
[Round "14.7"]
[White "Abdusattorov, Nodirbek"]
[Black "Narayanan, S.L."]
[Result "1-0"]
[WhiteTitle "GM"]
[BlackTitle "GM"]
[WhiteElo "2732"]
[BlackElo "2616"]
[WhiteFideId "14204118"]
[BlackFideId "5058422"]
[EventDate "2025.12.29"]

1. e4 c5 2. Nf3 d6 3. Bb5+ Nd7 4. O-O a6 5. Be2 Ngf6 6. d3 e6 7. c4 b6 8. Nc3
Bb7 9. h3 g6 10. Bf4 e5 11. Be3 Nh5 12. g3 Be7 13. Nd5 Bxd5 14. cxd5 O-O 15. Ne1
Ng7 16. Ng2 f5 17. f4 Bf6 18. Qd2 Qe7 19. Bf3 Rae8 20. Rae1 Qd8 21. Kh1 b5 22.
b3 Kh8 23. Bg1 exf4 24. gxf4 g5 25. Bh2 gxf4 26. Nxf4 Be5 27. exf5 Rxf5 28. Bg4
Rf6 29. Ne6 Rxf1+ 30. Rxf1 Qe7 31. Qh6 Bxh2 32. Ng5 Nf5 33. Bxf5 Bf4 34. Qxh7+
Qxh7 35. Nxh7 Bh6 36. Bxd7 Re3 37. Bf5 1-0

[Event "World Blitz 2025"]
[Site "Doha QAT"]
[Date "2025.12.30"]
[Round "14.8"]
[White "Bu, Xiangzhi"]
[Black "Pranesh, M"]
[Result "1-0"]
[WhiteTitle "GM"]
[BlackTitle "GM"]
[WhiteElo "2665"]
[BlackElo "2627"]
[WhiteFideId "8601445"]
[BlackFideId "35028600"]
[EventDate "2025.12.29"]

1. Nf3 d5 2. d4 Nf6 3. e3 e6 4. Bd3 b6 5. O-O Bb7 6. c4 Nbd7 7. b3 Bd6 8. Bb2
O-O 9. Nbd2 a6 10. Rc1 Qe7 11. Ne5 c5 12. cxd5 exd5 13. Nxd7 Nxd7 14. Qh5 g6 15.
Qh6 f5 16. Rfe1 Rac8 17. dxc5 bxc5 18. Nf3 Nf6 19. Qg5 Ne4 20. Qxe7 Bxe7 21.
Red1 Rfd8 22. h4 Bf6 23. Bxf6 Nxf6 24. Rc2 Kg7 25. Rdc1 Nd7 26. Be2 Kf6 27. Ne1
Rc7 28. Nd3 Rdc8 29. Nf4 h6 30. Bf3 Nb6 31. Rd1 Rd7 32. g4 g5 33. hxg5+ hxg5 34.
Nh5+ Ke5 35. gxf5 Kxf5 36. Ng3+ Ke5 37. Bg4 Rh8 38. Bxd7 Nxd7 39. Kf1 g4 40. Ke1
a5 41. Rdc1 Kd6 42. Nf5+ Ke5 43. Ng3 Kd6 44. a3 Ne5 45. Kd2 c4 46. bxc4 dxc4 47.
Rxc4 Nxc4+ 48. Rxc4 Bf3 49. e4 Rb8 50. Ra4 Rb5 51. Kc3 Ke5 52. Kc4 Rb2 53. Rxa5+
Ke6 54. Kd4 Rxf2 55. Ra6+ Kd7 56. e5 Rg2 57. e6+ Kc7 58. Nf5 g3 59. Ra7+ Kb6 60.
Rg7 Rd2+ 61. Ke3 Rd5 62. Kxf3 Rxf5+ 63. Ke4 Rf1 64. Rxg3 Kc7 65. Rd3 Rf2 66. Ke5
Re2+ 67. Kf6 Rf2+ 68. Kg7 Rg2+ 69. Kf7 Rf2+ 70. Ke8 Rh2 71. e7 Rf2 72. a4 1-0

[Event "World Blitz 2025"]
[Site "Doha QAT"]
[Date "2025.12.30"]
[Round "14.9"]
[White "Sadhwani, Raunak"]
[Black "Sarana, Alexey"]
[Result "1-0"]
[WhiteTitle "GM"]
[BlackTitle "GM"]
[WhiteElo "2638"]
[BlackElo "2673"]
[WhiteFideId "35093487"]
[BlackFideId "24133795"]
[EventDate "2025.12.29"]

1. d4 Nf6 2. c4 e6 3. Nc3 d5 4. cxd5 exd5 5. Bg5 Bb4 6. e3 h6 7. Bh4 Bf5 8. Bd3
Bxd3 9. Qxd3 Nbd7 10. Ne2 c6 11. O-O O-O 12. a3 Be7 13. f3 c5 14. Rad1 Re8 15.
Kh1 Rc8 16. dxc5 Nxc5 17. Qc2 Ne6 18. Qb3 Nc5 19. Qa2 Ncd7 20. Bxf6 Nxf6 21. Nf4
Bd6 22. Nfxd5 Be5 23. Qb3 Bxc3 24. Nxc3 Qc7 25. e4 Red8 26. Rxd8+ Rxd8 27. Rd1
b6 28. Rxd8+ Qxd8 29. Qd1 Qc7 30. Qd2 Qc4 31. Kg1 Qb3 32. e5 Ne8 33. h3 Kf8 34.
Kh2 Qe6 35. f4 Qf5 36. g4 Qe6 37. Qd4 Qc6 38. Qd5 Qc7 39. Kg3 Kg8 40. h4 Kh7 41.
h5 Qe7 42. Qd3+ Kg8 43. Qd5 Kh7 44. Qe4+ Kg8 45. Qc6 Nc7 46. Qd6 Kf8 47. Qxe7+
Kxe7 48. Kf3 Ne6 49. b4 Nd4+ 50. Ke4 Nc2 51. Nd5+ Kd7 52. a4 Na1 53. Ne3 Nb3 54.
Nf5 a5 55. bxa5 bxa5 56. Kd5 Nc1 57. Nxg7 Ne2 58. Ke4 Nc3+ 59. Kd4 Nxa4 60. g5
Ke7 61. gxh6 Kf8 62. Nf5 Kg8 63. Nd6 Nb6 64. Nc4 Nd7 65. Nxa5 Kh7 66. Nc6 Kxh6
67. Nd8 Kxh5 68. Nxf7 Kg4 69. e6 Nf6 70. Ke5 Ng8 71. Nh6+ Kh5 72. Nxg8 1-0

[Event "World Blitz 2025"]
[Site "Doha QAT"]
[Date "2025.12.30"]
[Round "14.10"]
[White "Goutham Krishna H"]
[Black "Praggnanandhaa, R"]
[Result "0-1"]
[WhiteTitle "IM"]
[BlackTitle "GM"]
[WhiteElo "2433"]
[BlackElo "2761"]
[WhiteFideId "25983504"]
[BlackFideId "25059530"]
[EventDate "2025.12.29"]

1. c4 Nf6 2. Nf3 g6 3. Nc3 Bg7 4. d4 d6 5. h3 Nbd7 6. Bf4 O-O 7. e3 c6 8. Be2 a6
9. O-O b5 10. a3 Bb7 11. Rc1 bxc4 12. Bxc4 c5 13. d5 a5 14. Re1 Ba6 15. Ba2 Rb8
16. Qd2 Qb6 17. Rb1 c4 18. e4 Nc5 19. Be3 Qc7 20. Qc2 Nd3 21. Red1 Nd7 22. Bd4
Bxd4 23. Nxd4 N7e5 24. Nce2 Qc5 25. f4 Nd7 26. Kh2 Nf6 27. Nc6 Rb7 28. Nc3 e6
29. Qd2 exd5 30. exd5 Re8 31. f5 Nxd5 32. Nxd5 Qxd5 33. Nxa5 Qe5+ 34. Kh1 Rxb2
35. Rxb2 Nxb2 36. Nc6 Qf6 37. Qxd6 Qxd6 38. Rxd6 c3 39. Bb3 Bc4 40. Bc2 gxf5 41.
Nd4 f4 42. Rc6 h5 43. Rf6 Bd3 44. Bb3 Bc4 45. Bc2 Nd3 46. Rc6 Ne5 47. Rf6 Bd3
48. Rxf4 Rd8 49. Bb3 Rc8 50. Bc2 Rc4 51. Bb3 c2 52. Bxc2 Bxc2 53. a4 Rxa4 54.
Kh2 Ng6 0-1

[Event "World Blitz 2025"]
[Site "Doha QAT"]
[Date "2025.12.30"]
[Round "14.11"]
[White "Pichot, Alan"]
[Black "Firouzja, Alireza"]
[Result "0-1"]
[WhiteTitle "GM"]
[BlackTitle "GM"]
[WhiteElo "2597"]
[BlackElo "2762"]
[WhiteFideId "110973"]
[BlackFideId "12573981"]
[EventDate "2025.12.29"]

1. e4 c5 2. Nf3 d6 3. c3 Nf6 4. Be2 g6 5. O-O Bg7 6. Bb5+ Nbd7 7. Re1 a6 8. Bf1
b5 9. d4 Bb7 10. e5 dxe5 11. dxe5 Nd5 12. c4 bxc4 13. Bxc4 N7b6 14. Bf1 O-O 15.
Nbd2 Nb4 16. a3 Nd3 17. Bxd3 Qxd3 18. Qb3 Qxb3 19. Nxb3 c4 20. Na5 Bd5 21. Be3
Na4 22. Bd4 Rab8 23. Rac1 Rfc8 24. Re2 Bh6 25. Rcc2 Be6 26. Re1 Rb5 27. b4 cxb3
28. Rxc8+ Bxc8 29. Nc6 Kf8 30. Na7 Rb8 31. Nc6 Rb7 32. Rb1 Bf5 0-1